[Event "Main Vogelsberg op 17th"]
[Site "Waechtersbach"]
[Date "2023.10.02"]
[Round "6"]
[White "Sevall, Jacob Cameron"]
[Black "Diez, Gerhard"]
[Result "0-1"]
[WhiteElo "1988"]
[BlackElo "1940"]
[PlyCount "107"]
[EventDate "2023.09.30"]
[EventType "swiss"]
[EventRounds "7"]
[EventCountry "GER"]
[SourceTitle "EXT 2025"]
[Source "ChessBase"]
[SourceDate "2024.10.14"]
[SourceVersion "1"]
[SourceVersionDate "2024.10.14"]
[SourceQuality "1"]
[WhiteTeam "SC Heusenstamm"]
[BlackTeam "SC Bad Nauheim"]

1. d4 Nf6 2. Nc3 d5 3. Bf4 e6 4. e3 Bd6 5. Bg3 0-0 6. Nf3 c5 7. Nb5 Bxg3 8. hxg3 Ne4 9. c3 a6 10. Na3 Nc6 11. Bd3 f5 12. Nd2 Qg5 13. Nf3 Qf6 14. Qe2 b5 15. Rc1 c4 16. Bb1 Bd7 17. Nd2 Qg6 18. g4 Qf7 19. gxf5 exf5 20. Nxe4 fxe4 21. f3 Rae8 22. Kd2 Bf5 23. g4 exf3 24. Bxf5 Qxf5 25. gxf5 fxe2 26. Rh5 Ne7 27. Kxe2 Nxf5 28. Rh3 Re4 29. Nc2 Rg4 30. Re1 Rg2+ 31. Kd1 a5 32. Re2 Rg4 33. Reh2 h6 34. Rf3 g6 35. Kd2 h5 36. Rhf2 Kg7 37. Ne1 Rh8 38. Rh3 Ng3 39. Kc2 Ne4 40. Re2 Ng5 41. Rhh2 h4 42. Ng2 Nf3 43. Rh1 h3 44. Nf4 h2 45. Ng2 g5 46. Kd1 Rh3 47. Rf2 Nh4 48. Ne1 Rg1 49. Rhxh2 Rxh2 50. Rxh2 Rxe1+ 51. Kxe1 Nf3+ 52. Kf2 Nxh2 53. Kg3 Nf1+ 54. Kf2 0-1

[Event "Main Vogelsberg op 17th"]
[Site "Waechtersbach"]
[Date "2023.10.01"]
[Round "4"]
[White "Nopper, Louis"]
[Black "Sevall, Jacob Cameron"]
[Result "1/2-1/2"]
[WhiteElo "1954"]
[BlackElo "1988"]
[PlyCount "106"]
[EventDate "2023.09.30"]
[EventType "swiss"]
[EventRounds "7"]
[EventCountry "GER"]
[SourceTitle "EXT 2025"]
[Source "ChessBase"]
[SourceDate "2024.10.14"]
[SourceVersion "1"]
[SourceVersionDate "2024.10.14"]
[SourceQuality "1"]
[WhiteTeam "Schachfuechse Kempen 1986 eV"]
[BlackTeam "SC Heusenstamm"]

1. d4 c5 2. d5 Nf6 3. c4 b5 4. cxb5 a6 5. bxa6 Bxa6 6. Nc3 g6 7. g3 d6 8. e4 Bxf1 9. Kxf1 Bg7 10. Nge2 0-0 11. Kg2 Qb6 12. Qc2 Na6 13. a3 Rfb8 14. Rb1 Nc7 15. Bd2 Ng4 16. Nf4 Qb3 17. Qxb3 Rxb3 18. Nd3 Rab8 19. f3 Ne3+ 20. Bxe3 Bxc3 21. Kh3 Bg7 22. Rhd1 c4 23. Ba7 R8b7 24. Nc1 Rxb2 25. Rxb2 Bxb2 26. Bd4 Bxa3 27. Ne2 e5 28. dxe6 fxe6 29. Ra1 Rb3 30. e5 d5 31. Nc3 Bb2 32. Rb1 Bxc3 33. Rxb3 Bxd4 34. Rb8+ Kf7 35. f4 Ne8 36. Kg4 Be3 37. Kf3 Bc5 38. Rb7+ Be7 39. Ke2 Ng7 40. g4 h5 41. h3 hxg4 42. hxg4 Ke8 43. Rb8+ Bd8 44. Rb7 Be7 45. Rb8+ Kf7 46. Rb7 Ne8 47. Ke3 Kf8 48. Kd4 Ng7 49. Rb8+ Kf7 50. Rb7 Ke8 51. Rb8+ Kf7 52. Rb7 Ne8 53. Ke3 Ng7 1/2-1/2

[Event "Main Vogelsberg op 17th"]
[Site "Waechtersbach"]
[Date "2023.09.30"]
[Round "1"]
[White "Sevall, Jacob Cameron"]
[Black "Sasikumar Anitha, Sarvesh"]
[Result "1/2-1/2"]
[WhiteElo "1988"]
[BlackElo "1582"]
[PlyCount "74"]
[EventDate "2023.09.30"]
[EventType "swiss"]
[EventRounds "7"]
[EventCountry "GER"]
[SourceTitle "EXT 2025"]
[Source "ChessBase"]
[SourceDate "2024.10.14"]
[SourceVersion "1"]
[SourceVersionDate "2024.10.14"]
[SourceQuality "1"]
[WhiteTeam "SC Heusenstamm"]
[BlackTeam "SK 1858 Giessen"]

1. d4 Nf6 2. Nc3 d5 3. Bf4 e6 4. Nf3 Bb4 5. Qd3 0-0 6. a3 Bd6 7. Bg3 b6 8. 0-0-0 Ba6 9. Qd2 b5 10. Ne5 b4 11. axb4 Bxb4 12. Qf4 Bxc3 13. bxc3 Ne4 14. c4 f6 15. Nd3 Bxc4 16. f3 Nc3 17. Re1 c6 18. e4 a5 19. Nc5 Na2+ 20. Kb2 Qb6+ 21. Ka1 Qb4 22. Bxc4 Nc3 23. Qc1 Qxc4 24. Qa3 Nb5 25. Qd3 Qxd4+ 26. Qxd4 Nxd4 27. Kb2 Na6 28. Nd3 Nb4 29. Nxb4 axb4 30. Bd6 Rfd8 31. Bxb4 Rab8 32. Kc3 Rxb4 33. Kxb4 Nxc2+ 34. Kc5 Nxe1 35. Rxe1 e5 36. Kxc6 dxe4 37. Rxe4 Rd2 1/2-1/2

[Event "Main Vogelsberg op 14th"]
[Site "Waechtersbach"]
[Date "2019.06.10"]
[Round "7"]
[White "Bethke, Robert"]
[Black "Sevall, Jacob Cameron"]
[Result "1/2-1/2"]
[WhiteElo "1996"]
[BlackElo "2015"]
[PlyCount "27"]
[EventDate "2019.06.07"]
[EventType "swiss"]
[EventRounds "7"]
[EventCountry "GER"]
[SourceTitle "CBM 190 Extra"]
[Source "ChessBase"]
[SourceDate "2019.07.15"]
[SourceVersion "1"]
[SourceVersionDate "2019.07.15"]
[SourceQuality "1"]

1. c4 Nc6 2. Nc3 e5 3. g3 f5 4. e3 Bc5 5. Bg2 Nf6 6. d3 0-0 7. Nge2 d6 8. 0-0 a6 9. a3 Qe8 10. b4 Ba7 11. Qc2 Qh5 12. b5 axb5 13. Nxb5 Bb6 14. d4 1/2-1/2

[Event "Rheinland Pfalz op 9th"]
[Site "Lambsheim"]
[Date "2017.06.15"]
[Round "2"]
[White "Frohnhaeuser, Simon"]
[Black "Sevall, Jacob Cameron"]
[Result "1/2-1/2"]
[WhiteElo "1724"]
[BlackElo "1976"]
[PlyCount "118"]
[EventDate "2017.06.15"]
[EventType "swiss"]
[EventRounds "7"]
[EventCountry "GER"]
[SourceTitle "CBM 178 Extra"]
[Source "ChessBase"]
[SourceDate "2017.06.22"]
[SourceVersion "1"]
[SourceVersionDate "2017.06.22"]
[SourceQuality "1"]

1. e4 c5 2. Nf3 Nc6 3. d4 cxd4 4. Nxd4 Nf6 5. Nc3 d6 6. Be3 g6 7. Bc4 Bg7 8. f3 a6 9. Qd2 Nxd4 10. Bxd4 b5 11. Bd5 Rb8 12. Bc6+ Bd7 13. Bxd7+ Qxd7 14. Nd5 0-0 15. Nxf6+ exf6 16. 0-0 d5 17. Be3 Rfd8 18. Rfd1 f5 19. c3 fxe4 20. fxe4 b4 21. exd5 bxc3 22. bxc3 Qc7 23. Rac1 Be5 24. h3 Qc4 25. Rc2 Rb5 26. Qd3 Qxd3 27. Rxd3 Rbxd5 28. Rxd5 Rxd5 29. c4 Rd3 30. Kf2 f5 31. c5 f4 32. Bd2 g5 33. Ba5 Ra3 34. Bb6 Bd4+ 35. Kf1 f3 36. gxf3 Rxf3+ 37. Kg2 Rf5 38. Rc4 Be3 39. Rc3 Bd4 40. Rc4 Rf2+ 41. Kg3 Rf4 42. Kg2 Rf2+ 43. Kg3 Rf4 44. Kg2 h6 45. Bc7 Rf2+ 46. Kg3 Rd2 47. Bd6 Bg1 48. Kf3 Kf7 49. c6 Bb6 50. c7 Bxc7 51. Rxc7+ Kg6 52. Rc6 Rxa2 53. Bf8+ Kf5 54. Rc5+ Kg6 55. Rc6+ Kf5 56. Rc5+ Kf6 57. Rc6+ Kf5 58. Rc5+ Kg6 59. Rc6+ Kf5 1/2-1/2

[Event "San Francisco TNM Summer op"]
[Site "San Francisco"]
[Date "2017.05.30"]
[Round "2"]
[White "Smith Iii, Robert H"]
[Black "Sevall, Jacob Cameron"]
[Result "0-1"]
[WhiteElo "1744"]
[BlackElo "1973"]
[PlyCount "44"]
[EventDate "2017.05.23"]
[EventType "swiss"]
[EventRounds "8"]
[EventCountry "USA"]
[SourceTitle "EXT 2023"]
[Source "ChessBase"]
[SourceDate "2022.10.05"]
[SourceVersion "1"]
[SourceVersionDate "2022.10.05"]
[SourceQuality "1"]

1. e4 c5 2. Nc3 Nc6 3. g3 e5 4. Bg2 a6 5. Nge2 d6 6. 0-0 Nf6 7. d3 b5 8. h3 Be7 9. f4 exf4 10. e5 Nxe5 11. Bxa8 Bxh3 12. Bg2 Bxg2 13. Kxg2 f3+ 14. Rxf3 Nxf3 15. Kxf3 0-0 16. Bd2 Qa8+ 17. Ne4 Nxe4 18. dxe4 f5 19. Nc3 fxe4+ 20. Ke2 e3 21. Be1 Qf3+ 22. Kd3 e2+ 0-1

[Event "San Francisco TNM Spring op"]
[Site "San Francisco"]
[Date "2017.05.02"]
[Round "8"]
[White "Sevall, Jacob Cameron"]
[Black "Kanis, Sierk"]
[Result "1-0"]
[WhiteElo "1945"]
[BlackElo "1897"]
[PlyCount "53"]
[EventDate "2017.03.14"]
[EventType "swiss"]
[EventRounds "8"]
[EventCountry "USA"]
[SourceTitle "EXT 2023"]
[Source "ChessBase"]
[SourceDate "2022.10.05"]
[SourceVersion "1"]
[SourceVersionDate "2022.10.05"]
[SourceQuality "1"]

1. e4 g6 2. d4 Bg7 3. Bc4 d6 4. f4 Nf6 5. e5 dxe5 6. fxe5 Nd5 7. Nf3 0-0 8. 0-0 b6 9. Nc3 Bb7 10. Qe2 Qd7 11. Nxd5 Bxd5 12. Bxd5 Qxd5 13. c4 Qb7 14. b3 e6 15. Qe1 Nd7 16. Qh4 c5 17. Bh6 cxd4 18. Ng5 f6 19. exf6 Nxf6 20. Bxg7 Qxg7 21. Nxe6 Qe7 22. Nxf8 Rxf8 23. Qxd4 Qe4 24. Qxe4 Nxe4 25. Rxf8+ Kxf8 26. Rf1+ Kg7 27. Re1 1-0

[Event "San Francisco TNM Spring op"]
[Site "San Francisco"]
[Date "2017.04.11"]
[Round "5"]
[White "Tsodikova, Natalia"]
[Black "Sevall, Jacob Cameron"]
[Result "1-0"]
[WhiteElo "2146"]
[BlackElo "1945"]
[PlyCount "95"]
[EventDate "2017.03.14"]
[EventType "swiss"]
[EventRounds "8"]
[EventCountry "USA"]
[SourceTitle "EXT 2023"]
[Source "ChessBase"]
[SourceDate "2022.10.05"]
[SourceVersion "1"]
[SourceVersionDate "2022.10.05"]
[SourceQuality "1"]

1. d4 d5 2. c4 c6 3. Nf3 Nf6 4. g3 g6 5. Bg2 Bg7 6. 0-0 dxc4 7. a4 0-0 8. Na3 Be6 9. Ng5 Bd5 10. e4 h6 11. exd5 hxg5 12. dxc6 Nxc6 13. Nxc4 Qxd4 14. Qb3 Qc5 15. Be3 Nd4 16. Bxd4 Qxd4 17. Rac1 Rab8 18. Rfd1 Qg4 19. Ne3 Qh5 20. Qb4 Qe2 21. Rd2 Qa6 22. Qxe7 Qxa4 23. Nd5 Nxd5 24. Bxd5 Qe8 25. Qxg5 Rd8 26. Rcd1 Rd7 27. Qg4 Re7 28. Qxg6 Re1+ 29. Kg2 Rxd1 30. Rxd1 Qe2 31. Qd3 Qxd3 32. Rxd3 Bxb2 33. Rb3 Be5 34. Rxb7 Kg7 35. f4 Bd4 36. g4 a5 37. h4 a4 38. Rb4 Bf6 39. h5 Kh6 40. Rxa4 Bd8 41. Ra6+ f6 42. Kf3 Kg7 43. Ra7+ Kh6 44. Be4 Rh8 45. Bg6 Bb6 46. Rd7 Ba5 47. Ke4 Bc3 48. Kf5 1-0

[Event "San Francisco TNM Spring op"]
[Site "San Francisco"]
[Date "2017.03.28"]
[Round "3"]
[White "Wonsever, James"]
[Black "Sevall, Jacob Cameron"]
[Result "0-1"]
[WhiteElo "1827"]
[BlackElo "1945"]
[PlyCount "74"]
[EventDate "2017.03.14"]
[EventType "swiss"]
[EventRounds "8"]
[EventCountry "USA"]
[SourceTitle "EXT 2023"]
[Source "ChessBase"]
[SourceDate "2022.10.05"]
[SourceVersion "1"]
[SourceVersionDate "2022.10.05"]
[SourceQuality "1"]

1. e4 c5 2. Nf3 Nc6 3. d4 cxd4 4. Nxd4 e5 5. Nb5 Nf6 6. N1c3 d6 7. Bg5 a6 8. Na3 b5 9. Bxf6 Qxf6 10. Nd5 Qd8 11. c3 Be7 12. Be2 0-0 13. 0-0 Be6 14. Nc2 Bg5 15. Nce3 Ne7 16. a4 Bxe3 17. Nxe3 Qb6 18. Qc2 Rfc8 19. Rfd1 bxa4 20. Nd5 Nxd5 21. exd5 Bd7 22. h3 Rab8 23. Bg4 Bxg4 24. hxg4 Qxb2 25. Qxb2 Rxb2 26. Rxa4 Rb6 27. Rda1 Ra8 28. Rb4 Rxb4 29. cxb4 Kf8 30. b5 a5 31. b6 Rb8 32. Rxa5 Rxb6 33. g5 f6 34. gxf6 gxf6 35. Ra8+ Kf7 36. Ra7+ Kg6 37. g3 Rb5 0-1

[Event "San Francisco TNM Spring op"]
[Site "San Francisco"]
[Date "2017.03.14"]
[Round "1"]
[White "Liang, Ting"]
[Black "Sevall, Jacob Cameron"]
[Result "1/2-1/2"]
[WhiteElo "1484"]
[BlackElo "1945"]
[PlyCount "128"]
[EventDate "2017.03.14"]
[EventType "swiss"]
[EventRounds "8"]
[EventCountry "USA"]
[SourceTitle "EXT 2023"]
[Source "ChessBase"]
[SourceDate "2022.10.05"]
[SourceVersion "1"]
[SourceVersionDate "2022.10.05"]
[SourceQuality "1"]

1. c4 b6 2. d4 Bb7 3. d5 Nf6 4. Nc3 e6 5. Bg5 Bb4 6. e4 h6 7. Bxf6 Qxf6 8. Qf3 Qe7 9. Nge2 Na6 10. a3 Bxc3+ 11. Nxc3 exd5 12. cxd5 Nc5 13. Be2 0-0 14. 0-0 Rae8 15. Bd3 Nb3 16. Rad1 Nd4 17. Qf4 c5 18. dxc6 dxc6 19. Rfe1 Ne6 20. Qg3 Qg5 21. Bc4 c5 22. Rd7 Bc6 23. Qxg5 Nxg5 24. Rxa7 Nxe4 25. Nxe4 Rxe4 26. Rxe4 Bxe4 27. f3 Ba8 28. Kf2 Bc6 29. Rc7 Ba8 30. a4 g6 31. Ra7 Kg7 32. a5 bxa5 33. Rxa5 Rd8 34. b3 Kf6 35. Ra6+ Ke5 36. Bxf7 g5 37. Rxh6 Bd5 38. f4+ Kxf4 39. Bxd5 Rxd5 40. Rf6+ Ke4 41. Ke2 Kd4 42. Rf3 Ke4 43. Rc3 Re5 44. Kd2 Kf5 45. Rf3+ Kg6 46. h3 Re4 47. Kd3 Rb4 48. Kc3 Re4 49. g3 g4 50. hxg4 Rxg4 51. Rd3 Kf6 52. Rd5 Rxg3+ 53. Kc4 Ke6 54. Rxc5 Kd6 55. b4 Rg1 56. Kb5 Rg8 57. Ka6 Rb8 58. Rb5 Ra8+ 59. Kb7 Rh8 60. Rb6+ Kd5 61. b5 Kc5 62. Ka7 Ra8+ 63. Kxa8 Kxb6 64. Kb8 Kxb5 1/2-1/2

[Event "San Francisco TNM Fall op"]
[Site "San Francisco"]
[Date "2016.11.22"]
[Round "6"]
[White "Sevall, Jacob Cameron"]
[Black "Andries, Craig"]
[Result "1-0"]
[WhiteElo "2033"]
[BlackElo "1877"]
[PlyCount "89"]
[EventDate "2016.10.18"]
[EventType "swiss"]
[EventRounds "9"]
[EventCountry "USA"]
[SourceTitle "EXT 2018"]
[Source "ChessBase"]
[SourceDate "2017.10.13"]
[SourceVersion "1"]
[SourceVersionDate "2017.10.13"]
[SourceQuality "1"]

1. e4 g6 2. d4 Bg7 3. Bc4 c6 4. Nc3 d5 5. Bb3 dxe4 6. Nge2 Nf6 7. Bg5 Bf5 8. Qd2 h6 9. Be3 e6 10. h3 g5 11. 0-0-0 Na6 12. g4 Bg6 13. Ng3 Nc7 14. Qe2 Ncd5 15. Bd2 Nxc3 16. bxc3 Qd6 17. h4 gxh4 18. Rxh4 0-0-0 19. Kb2 Bf8 20. g5 a5 21. gxf6 a4 22. Nxe4 Qa3+ 23. Kb1 axb3 24. axb3 Kd7 25. Bc1 Qa7 26. Nc5+ Kc7 27. Bf4+ Bd6 28. Bxd6+ Rxd6 29. Qc4 b5 30. Qb4 Ra8 31. Kc1 e5 32. Ne4 c5 33. Nxd6 Qa1+ 34. Kd2 Qxd1+ 35. Kxd1 cxb4 36. dxe5 bxc3 37. Nxb5+ Kb6 38. Nxc3 Ra1+ 39. Kd2 Rf1 40. Rf4 Kc6 41. e6 Ra1 42. e7 Ra8 43. Rg4 Kd6 44. Rd4+ Kc7 45. Nb5+ 1-0

[Event "San Francisco Benson Memorial"]
[Site "San Francisco"]
[Date "2016.09.27"]
[Round "9"]
[White "Stearman, Josiah P"]
[Black "Sevall, Jacob Cameron"]
[Result "1-0"]
[WhiteElo "2315"]
[BlackElo "2115"]
[PlyCount "23"]
[EventDate "2016.08.02"]
[EventType "swiss"]
[EventRounds "9"]
[EventCountry "USA"]
[SourceTitle "EXT 2018"]
[Source "ChessBase"]
[SourceDate "2017.10.13"]
[SourceVersion "1"]
[SourceVersionDate "2017.10.13"]
[SourceQuality "1"]

1. e4 d5 2. exd5 Nf6 3. Bb5+ Nbd7 4. c4 a6 5. Bxd7+ Qxd7 6. Nc3 b5 7. d3 Bb7 8. Nf3 e6 9. 0-0 Bd6 10. Bg5 h6 11. Bxf6 gxf6 12. Ne4 1-0

[Event "Hofheim Spring op-A 4th"]
[Site "Hofheim"]
[Date "2016.04.02"]
[Round "9"]
[White "Luebeck, Stephan"]
[Black "Sevall, Jacob Cameron"]
[Result "1-0"]
[WhiteElo "2030"]
[BlackElo "1915"]
[PlyCount "107"]
[EventDate "2016.03.29"]
[EventType "swiss"]
[EventRounds "9"]
[EventCountry "GER"]
[SourceTitle "EXT 2017"]
[Source "ChessBase"]
[SourceDate "2016.10.25"]
[SourceVersion "1"]
[SourceVersionDate "2016.10.25"]
[SourceQuality "1"]

1. d4 d5 2. Nf3 Nf6 3. e3 c5 4. c3 e6 5. Nbd2 Nc6 6. Bd3 cxd4 7. exd4 Bd6 8. 0-0 0-0 9. Qe2 Re8 10. Ne5 Nd7 11. f4 Nf8 12. Qh5 Qe7 13. Rf3 g6 14. Rg3 Qf6 15. Qe2 Qg7 16. Ndf3 f6 17. Nxc6 bxc6 18. Bd2 Rb8 19. b4 Qc7 20. Rf1 a5 21. a3 Kg7 22. Qe3 axb4 23. axb4 Re7 24. h4 h5 25. Ne5 f5 26. Rg5 Kh6 27. Qe2 Rg7 28. Rg3 Bxe5 29. fxe5+ Kh7 30. Bg5 Kg8 31. Qe3 Qf7 32. Be2 Kh7 33. Rff3 Rb7 34. Qf2 Ra7 35. Bf1 Ba6 36. Bf6 Rg8 37. Bxa6 Rxa6 38. Qe2 Ra1+ 39. Kh2 Nd7 40. Bg5 Rga8 41. Bd2 Nf8 42. Qe3 Qg7 43. Rg5 Kg8 44. Rfg3 Qh7 45. Qe2 Kf7 46. b5 cxb5 47. Qxb5 Kg8 48. c4 Qa7 49. c5 Qa2 50. Qe2 Qb1 51. Rc3 Qg1+ 52. Kg3 Qxd4 53. Qxh5 Qxe5+ 54. Kf2 1-0

[Event "Hofheim Spring op-A 4th"]
[Site "Hofheim"]
[Date "2016.04.02"]
[Round "8"]
[White "Sevall, Jacob Cameron"]
[Black "Rosenberger, Frank"]
[Result "0-1"]
[WhiteElo "1915"]
[BlackElo "2079"]
[PlyCount "120"]
[EventDate "2016.03.29"]
[EventType "swiss"]
[EventRounds "9"]
[EventCountry "GER"]
[SourceTitle "CBM 171 Extra"]
[Source "ChessBase"]
[SourceDate "2016.04.26"]
[SourceVersion "1"]
[SourceVersionDate "2016.04.26"]
[SourceQuality "1"]

1. c4 e6 2. e4 d5 3. exd5 exd5 4. d4 Nf6 5. Nc3 Bb4 6. Nf3 0-0 7. cxd5 Nxd5 8. Bd2 Bxc3 9. bxc3 Re8+ 10. Be2 Qe7 11. c4 Nf6 12. Kf1 Bf5 13. Nh4 Bc2 14. Qe1 Qe4 15. f3 Qxd4 16. Bc3 Qd6 17. c5 Qd8 18. Qg3 Rxe2 19. Bxf6 Qxf6 20. Kxe2 Nc6 21. Rhe1 Qd4 22. f4 Re8+ 23. Kf3 Be4+ 24. Kg4 h5+ 25. Kxh5 g6+ 26. Kg4 Qd7+ 27. f5 Bxf5+ 28. Kf3 Qd3+ 29. Kf2 Qd4+ 30. Re3 Qd2+ 31. Kg1 Rxe3 32. Nf3 Qc3 33. Rd1 Qxc5 34. Qf2 Rc3 35. Qxc5 Rxc5 36. Re1 Rc2 37. Ra1 Kg7 38. a3 Be4 39. Ne1 Rb2 40. Rd1 Rb1 41. Rxb1 Bxb1 42. a4 Be4 43. a5 Nxa5 44. Kf2 f5 45. Ke3 c5 46. g4 Kf6 47. h4 b5 48. Kf4 b4 49. g5+ Ke6 50. h5 gxh5 51. g6 b3 52. Kg5 Nc6 53. Kh6 Ne7 54. Nf3 Bxf3 55. g7 b2 56. g8B+ Nxg8+ 57. Kh7 b1Q 58. Kh8 Kf6 59. Kxg8 Qb7 60. Kh8 Qg7# 0-1

[Event "Hofheim Spring op-A 4th"]
[Site "Hofheim"]
[Date "2016.03.31"]
[Round "5"]
[White "Engel, Berthold"]
[Black "Sevall, Jacob Cameron"]
[Result "0-1"]
[WhiteElo "2197"]
[BlackElo "1915"]
[PlyCount "100"]
[EventDate "2016.03.29"]
[EventType "swiss"]
[EventRounds "9"]
[EventCountry "GER"]
[SourceTitle "CBM 171 Extra"]
[Source "ChessBase"]
[SourceDate "2016.04.26"]
[SourceVersion "1"]
[SourceVersionDate "2016.04.26"]
[SourceQuality "1"]

1. e4 e5 2. Nf3 Nc6 3. Bb5 Bc5 4. Bxc6 dxc6 5. 0-0 Bg4 6. h3 h5 7. d3 Bxf3 8. Qxf3 Qf6 9. Nd2 0-0-0 10. Qxf6 Nxf6 11. Nb3 Bb6 12. Bg5 Rd6 13. Rae1 Nd7 14. g3 f6 15. Bc1 Nf8 16. Kg2 Ne6 17. f4 exf4 18. gxf4 a5 19. a4 Nc5 20. Nxc5 Bxc5 21. Bd2 b6 22. Kf3 Re8 23. Re2 Kd7 24. Rg2 Re7 25. f5 Kc8 26. b3 Rd8 27. Re1 Rf7 28. Ree2 Kb7 29. Rg6 Rh8 30. Reg2 Bf8 31. Rg1 Ka6 32. Bc3 Kb7 33. d4 Kc8 34. Kf4 Rd7 35. e5 c5 36. dxc5 fxe5+ 37. Bxe5 Bxc5 38. Rxg7 Bxg1 39. Rxd7 Bh2+ 40. Kg5 Bxe5 41. Rd5 Bd6 42. Kg6 Kd7 43. Kg7 Re8 44. f6 Ke6 45. Rxh5 Rf8 46. Rg5 Rf7+ 47. Kg8 Rxf6 48. h4 Rh6 49. h5 Kf6 50. Rd5 Be5 0-1

[Event "Vellmar op 7th"]
[Site "Vellmar"]
[Date "2015.08.08"]
[Round "4"]
[White "Sevall, Jacob Cameron"]
[Black "Von Auer, Ulrich"]
[Result "0-1"]
[WhiteElo "1931"]
[BlackElo "2073"]
[PlyCount "92"]
[EventDate "2015.08.06"]
[EventType "swiss"]
[EventRounds "7"]
[EventCountry "GER"]
[SourceTitle "CBM 167 Extra"]
[Source "ChessBase"]
[SourceDate "2015.09.14"]
[SourceVersion "1"]
[SourceVersionDate "2015.09.14"]
[SourceQuality "1"]

1. d4 Nf6 2. c4 g6 3. Nc3 d5 4. cxd5 Nxd5 5. e4 Nxc3 6. bxc3 Bg7 7. Bc4 c5 8. Ne2 Nc6 9. Be3 0-0 10. Qd2 Qa5 11. f3 cxd4 12. cxd4 Qxd2+ 13. Kxd2 Rd8 14. Bd5 Nxd4 15. Bxd4 e6 16. Bxb7 Bxb7 17. Ke3 e5 18. Bb2 Rd7 19. Rhd1 Rad8 20. Nc3 Bh6+ 21. Kf2 Rd2+ 22. Ke1 R8d4 23. Bc1 Rxd1+ 24. Nxd1 Bf8 25. Bd2 Ra4 26. Rb1 Ba6 27. Nc3 Rb4 28. Be3 Rxb1+ 29. Nxb1 Bb4+ 30. Kf2 Bd3 31. a3 Bd6 32. Nc3 a6 33. Bc1 Bc5+ 34. Kg3 f5 35. Bb2 Kf7 36. Na4 Bd6 37. Nc3 Ke6 38. Kf2 Bc5+ 39. Kg3 Bd4 40. Kh4 fxe4 41. fxe4 Bxe4 42. Nxe4 Bxb2 43. Nc5+ Kd5 44. Nxa6 Bxa3 45. Kg3 Bd6 46. Kf3 Kc6 0-1

[Event "San Francisco TNM Summer op"]
[Site "San Francisco"]
[Date "2015.07.07"]
[Round "7"]
[White "Sevall, Jacob Cameron"]
[Black "Poling, Scott"]
[Result "1-0"]
[WhiteElo "1885"]
[BlackElo "1915"]
[PlyCount "77"]
[EventDate "2015.05.26"]
[EventType "swiss"]
[EventRounds "8"]
[EventCountry "USA"]
[SourceTitle "EXT 2016"]
[Source "ChessBase"]
[SourceDate "2015.10.08"]
[SourceVersion "1"]
[SourceVersionDate "2015.10.08"]
[SourceQuality "1"]

1. d4 d5 2. c4 c6 3. Nc3 dxc4 4. a4 Nf6 5. e4 e5 6. d5 Bb4 7. Bxc4 Nxe4 8. Qb3 Qb6 9. Be3 Bxc3+ 10. bxc3 Qxb3 11. Bxb3 Nxc3 12. Rc1 Ne4 13. dxc6 Nxc6 14. Bd5 Nf6 15. Bxc6+ bxc6 16. Nf3 Nd7 17. Rxc6 Bb7 18. Rc7 Bxf3 19. gxf3 a6 20. Ke2 Nf6 21. Rhc1 0-0 22. R1c6 Nd5 23. Rd7 Nxe3 24. fxe3 Rfe8 25. Rcc7 Rf8 26. Ra7 g6 27. Rxa8 Rxa8 28. Kd3 a5 29. Ke4 Re8 30. Ra7 f5+ 31. Kd5 e4 32. f4 Rd8+ 33. Ke6 Rd3 34. Kf6 Rd6+ 35. Kg5 Rd3 36. Rxa5 Rxe3 37. Kf6 h5 38. Kxg6 Kf8 39. Rxf5+ 1-0

[Event "San Francisco TNM Summer op"]
[Site "San Francisco"]
[Date "2015.06.30"]
[Round "6"]
[White "Melville, Cailen Jeremiah"]
[Black "Sevall, Jacob Cameron"]
[Result "0-1"]
[WhiteElo "1783"]
[BlackElo "1885"]
[PlyCount "48"]
[EventDate "2015.05.26"]
[EventType "swiss"]
[EventRounds "8"]
[EventCountry "USA"]
[SourceTitle "EXT 2016"]
[Source "ChessBase"]
[SourceDate "2015.10.08"]
[SourceVersion "1"]
[SourceVersionDate "2015.10.08"]
[SourceQuality "1"]

1. d4 d5 2. c4 Nc6 3. Nf3 Bg4 4. Nc3 Nf6 5. e3 dxc4 6. Bxc4 e6 7. h3 Bh5 8. g4 Bg6 9. Qa4 Bb4 10. Ne5 0-0 11. Nxc6 Bxc3+ 12. bxc3 bxc6 13. Ba3 Re8 14. Be2 Nd5 15. Qxc6 Qh4 16. Bc1 Be4 17. Rh2 f5 18. Qc5 fxg4 19. Bxg4 h5 20. Be2 Qg5 21. Bg4 hxg4 22. h4 Qf6 23. c4 Qf3 24. Kd2 g3 0-1

[Event "Main Vogelsberg op 10th"]
[Site "Hanau"]
[Date "2015.05.23"]
[Round "2"]
[White "Sevall, Jacob Cameron"]
[Black "Fresser, Falco"]
[Result "0-1"]
[WhiteElo "1813"]
[BlackElo "1623"]
[PlyCount "120"]
[EventDate "2015.05.22"]
[EventType "swiss"]
[EventRounds "7"]
[EventCountry "GER"]
[SourceTitle "EXT 2016"]
[Source "ChessBase"]
[SourceDate "2015.10.08"]
[SourceVersion "1"]
[SourceVersionDate "2015.10.08"]
[SourceQuality "1"]

1. Nf3 d5 2. d4 e6 3. c4 dxc4 4. e3 Bb4+ 5. Bd2 Bxd2+ 6. Nbxd2 c5 7. dxc5 c3 8. bxc3 Nf6 9. Bb5+ Bd7 10. Rb1 Qa5 11. Bxd7+ Nbxd7 12. 0-0 Qxc5 13. Rxb7 Qxc3 14. Qa4 0-0 15. Qh4 Rfb8 16. Ne4 Nxe4 17. Rxd7 Nf6 18. Rd4 Rb2 19. Rfd1 h6 20. g4 Qa5 21. g5 hxg5 22. Nxg5 Rxa2 23. Rf4 Ra1 24. Rxf6 Rxd1+ 25. Kg2 Rg1+ 26. Kxg1 Qa1+ 27. Kg2 Qxf6 28. Qh7+ Kf8 29. f4 g6 30. Qh4 Ke7 31. Qe1 Qb2+ 32. Kg3 Rc8 33. Qa5 Qb6 34. Qa3+ Qc5 35. Qb3 a5 36. Ne4 Qb4 37. Qd3 Qe1+ 38. Kg2 Qb4 39. Kf3 f5 40. Ng5 Qc4 41. Qa3+ Qc5 42. Qa1 Qc3 43. Qb1 Qb4 44. Qf1 Qb7+ 45. Kg3 Rc3 46. Qe1 Qb3 47. Kh4 Qc2 48. Nf3 a4 49. Qg3 Rc8 50. Qg5+ Kd6 51. Kg3 a3 52. Ne5 a2 53. Nf7+ Kd5 54. Qe7 a1Q 55. Qd6+ Kc4 56. Ne5+ Kb3 57. Qxe6+ Kb2 58. Qb6+ Kc1 59. Qxg6 Qxe5 60. fxe5 f4+ 0-1

[Event "Hofheim Spring op-B 3rd"]
[Site "Hofheim"]
[Date "2015.04.11"]
[Round "9"]
[White "Sevall, Jacob Cameron"]
[Black "Ovsepyan, Mikhail"]
[Result "1/2-1/2"]
[WhiteElo "1883"]
[BlackElo "1742"]
[PlyCount "122"]
[EventDate "2015.04.07"]
[EventType "swiss"]
[EventRounds "9"]
[EventCountry "GER"]
[SourceTitle "EXT 2016"]
[Source "ChessBase"]
[SourceDate "2015.10.08"]
[SourceVersion "1"]
[SourceVersionDate "2015.10.08"]
[SourceQuality "1"]

1. e4 c5 2. Nf3 Nc6 3. d4 cxd4 4. Nxd4 Nf6 5. Nc3 e5 6. Ndb5 d6 7. Bg5 a6 8. Na3 b5 9. Nd5 Be7 10. Bxf6 Bxf6 11. c4 b4 12. Qa4 Bd7 13. Nxb4 Nd4 14. Qd1 Qa5 15. Qd2 Rb8 16. Nac2 Rxb4 17. Nxb4 Qxb4 18. Qxb4 Nc2+ 19. Kd2 Nxb4 20. Kc3 Nc6 21. a3 0-0 22. b4 Nd4 23. a4 Rc8 24. Bd3 Bg4 25. f3 Be6 26. Kb2 Bg5 27. Kc3 f5 28. exf5 Nxf5 29. Bxf5 Bxf5 30. Rhd1 Be6 31. Rxd6 Rxc4+ 32. Kd3 Rd4+ 33. Rxd4 exd4 34. b5 Bf5+ 35. Kc4 d3 36. b6 d2 37. b7 Bf4 38. g3 Bc7 39. Rd1 Kf7 40. Rxd2 Ke7 41. Kc5 Bd7 42. Rb2 Bb8 43. Rb6 Kd8 44. Rxa6 Kc7 45. a5 Kxb7 46. Rb6+ Ka7 47. Rb1 Bc7 48. Ra1 Ka6 49. Re1 Bd8 50. Kd6 Bb5 51. Ra1 Be2 52. f4 Bf6 53. Ra3 Bd4 54. Ra4 Bg1 55. Ra2 Bxh2 56. Rxe2 Bxg3 57. Ke6 Bxf4 58. Kf7 g5 59. Re6+ Kxa5 60. Rh6 g4 61. Rxh7 g3 1/2-1/2